MARC

LEADER 00000nam0a2200000 4500
001 214438
005 20231101225904.0
010 |a 0748793607 
035 |a (RuTPU)RU\TPU\book\234308 
090 |a 214438 
100 |a 20120424d2005 m y0engy50 ba 
101 0 |a eng 
102 |a GB 
105 |a a j 001zy 
200 1 |a There's no need to Shout!  |e The Primary Teacher's. Guide to Successful. Behaviour Management  |f D. Wright 
210 |a London  |c Nelson Thornes  |d 2005 
215 |a 210 p.  |c il. 
320 |a References: p. 196. 
606 1 |a Педагогика школьная  |2 stltpush  |3 (RuTPU)RU\TPU\subj\48419  |9 67290 
610 1 |a педагогика 
610 1 |a начальная школа 
610 1 |a организация 
610 1 |a школьники 
610 1 |a педагогический процесс 
610 1 |a поведение 
610 1 |a воспитание 
610 1 |a обучение 
610 1 |a мотивации 
610 1 |a поощрение 
610 1 |a английский язык 
686 |a Ч42  |v LBC/SL-A  |2 rubbk 
700 1 |a Wright  |b D.  |g David 
801 1 |a RU  |b 63413507  |c 20120424 
801 2 |a RU  |b 63413507  |c 20120511  |g RCR 
942 |c BK